Čerstvé jedlo je rastúcou súčasťou nášho biznisu
Rozhovor so šéfom McDonald`su pre Česko a Slovensko Tomaszom Rogaczom o situácii na slovenskom trhu, o novom segmente zákazníkov, o trende čerstvých a zdravých potravín, o výbere dodávateľov, o vzťahu Slovákov k fastfoodu, o lokálnej chuti a ponuke, o reštaurácii budúcnosti, o zavádzaní nových techn...
Gespeichert in:
| 1. Verfasser: | |
|---|---|
| Weitere Verfasser: | |
| Format: | Buchkapitel |
| Sprache: | Slowakisch |
| Schlagworte: | |
| Tags: |
Keine Tags, Fügen Sie das erste Tag hinzu!
|
MARC
| LEADER | 00000naa a2200000 4500 | ||
|---|---|---|---|
| 001 | 0200957 | ||
| 005 | 20231113103020.7 | ||
| 041 | 0 | |a slo | |
| 044 | |a SK | ||
| 245 | 1 | 0 | |a Čerstvé jedlo je rastúcou súčasťou nášho biznisu |c Marek Legéň, Tomasz Rogacz |
| 520 | |a Rozhovor so šéfom McDonald`su pre Česko a Slovensko Tomaszom Rogaczom o situácii na slovenskom trhu, o novom segmente zákazníkov, o trende čerstvých a zdravých potravín, o výbere dodávateľov, o vzťahu Slovákov k fastfoodu, o lokálnej chuti a ponuke, o reštaurácii budúcnosti, o zavádzaní nových technológií do systému objednávania. | ||
| 610 | 2 | 0 | |a firmy |
| 610 | 2 | 0 | |a kvalita |
| 610 | 2 | 0 | |a potraviny |
| 610 | 2 | 0 | |a reštaurácie |
| 610 | 2 | 0 | |a siete obchodné |
| 610 | 2 | 0 | |a Slovensko |
| 100 | 1 | |a Legéň, Marek | |
| 700 | 1 | |a Rogacz, Tomasz | |